Palavra de Presidente : (Record no. 1437)

MARC details
000 -LÍDER
Campo Fixo de Controle 00688nam a2200229 a 4500
001 - NÚMERO DE CONTROLE
Campo de Controle 1437
003 - IDENTIFICAÇÃO DO NÚMERO DE CONTROLE
Campo de Controle BR-CuiBMT
005 - DATA E HORA DA ÚLTIMA ATUALIZAÇÃO
Campo de Controle 20231214134321.0
008 - DADOS FIXOS
Dados Fixos 231209s2006 dtb 000 0 por d
020 ## - INTERNATIONAL STANDARD BOOK NUMBER
Nº do ISBN 8572382305
040 ## - AGÊNCIA CATALOGADORA
Código da Agência Catalogadora BR-CuiBMT
Agência que transcreveu o registro BR-CuiBMT
080 ## - Nº DA CLASSIFICAÇÃO DECIMAL UNIVERSAL
Nº edição CDU 2007
Nº Class. CDU 32:82-5
090 ## - NÚMERO DE CHAMADA
Nº classificação 32:82-5
Cutter B713p
100 1# - ENTRADA PRINCIPAL -- AUTOR PESSOAL
Nome pessoal Bonfim, João Bosco Bezerra,
Datas associadas ao nome 1961-
245 10 - TÍTULO PRINCIPAL
Título principal Palavra de Presidente :
Subtítulo a oratória dos presidentes Senado : sob o signo de Rui Barbosa /
Indicação de responsabilidade João Bosco Bezerra Bonfim.
250 ## - EDIÇÃO
Edição 2. ed., rev. e ampl.
260 ## - PUBLICAÇÃO, DISTRIBUIÇÃO, ETC.
Local de publicação Brasília :
Editora Senado Federal,
Data 2006.
300 ## - DESCRIÇÃO FÍSICA
N. páginas ou volumes 392 p. ;
650 ## - ASSUNTO TÓPICO
Cabeçalho tópico ou nome geográfico Discurso parlamentar
650 ## - ASSUNTO TÓPICO
Cabeçalho tópico ou nome geográfico Senado
942 ## - ELEMENTOS DE ENTRADA ADICIONAIS (KOHA)
Fonte de classificação ou esquema de arquivamento Classificação Decimal Universal
Tipo de item do Koha Livros
Holdings
Estado: removido Estado: perdido Fonte de classificação ou esquema de arquivamento Estado: danificado Indisponível para empréstimo Localização permanente Localização atual Data de aquisição Total Checkouts Número de Chamada completo Código de barras Date last seen Número do exemplar Preço efetivo a partir de Tipo de item (Koha)
    Classificação Decimal Universal     Biblioteca da Escola Superior de Contas do TCE/MT Biblioteca da Escola Superior de Contas do TCE/MT 31/10/2018   32:82-5 B713p BIBTCEMT23120327 09/12/2023 Ex. 1 09/12/2023 Livros
    Classificação Decimal Universal     Biblioteca da Escola Superior de Contas do TCE/MT Biblioteca da Escola Superior de Contas do TCE/MT 26/10/2018   32:82-5 B713p BIBTCEMT23120465 14/12/2023 Ex. 2 14/12/2023 Livros
    Classificação Decimal Universal     Biblioteca da Escola Superior de Contas do TCE/MT Biblioteca da Escola Superior de Contas do TCE/MT 14/12/2023   32:82-5 B713p BIBTCEMT23120466 14/12/2023 Ex. 3 14/12/2023 Livros

Powered by Koha